| 000 | 00784nam a2200205Ii 4500 | ||
|---|---|---|---|
| 003 | JO-AjNU | ||
| 008 | 230605s9999||||xx |||||||||||||| ||und|| | ||
| 040 |
_aJO-AjNU _bara _erda _cJO-AjNU |
||
| 041 | _aara | ||
| 050 | 1 | 4 | _aK884.H36.2014 |
| 100 | 3 |
_aالحمادي ، مال الله جعفر عبد الملك, _eauthor _953171 |
|
| 245 | 0 | 0 | _aحقوق وضمانات المتقاعد مع الإدارة والتحكيم في العقد الإداري " دراسة مقارنة " |
| 250 | _aط1 | ||
| 264 | 3 | 1 | _aبيروت : منشورات الحلبي الحقوقية ، 2014 |
| 300 | _a1015ص | ||
| 336 |
_atext _btxt _2rdacontent |
||
| 337 |
_aunmediated _bn _2rdamedia |
||
| 338 |
_avolume _bnc _2rdacarrier |
||
| 650 | 4 |
_aالعقود -- قوانين وانظمة _953172 |
|
| 999 |
_aA23598 _c27166 _d27166 |
||